| 000 | 00581nam a22001817a 4500 | ||
|---|---|---|---|
| 003 | NUST | ||
| 038 | _aNusrat Nadeem | ||
| 040 | _cCentral Library | ||
| 082 | _aBIT-9 | ||
| 100 |
_aAdil Mehmood,Mahboob Ur Rehman,Zahid Ahmed _931354 |
||
| 245 | _aWeb Based Exploratory Data Analysis Tool Using Data Mining Techniques | ||
| 260 |
_aIslamabad _bNUST SEECS _c2011 |
||
| 300 |
_a49,pages, _bHB, _c25,cm. |
||
| 563 | _aHB | ||
| 700 |
_aSupervisor : Assistant Professor Owais Ahmed Malik _991912 |
||
| 856 | _uhttp://10.250.8.41:8080/xmlui/handle/123456789/28744 | ||
| 942 |
_2ddc _cTHE |
||
| 999 |
_c590029 _d590029 |
||